000 00868nam a22002177a 4500
003 NUST-PNEC
005 20170116180916.0
008 140517b xxu||||| |||| 00| 0 eng d
020 _a9789332518605
040 _cLIBRARY
082 _a620.112 HIB
100 _93
_aHibbler R.C
245 _aMechanics of materials
_cR.C. Hibbeler
250 _a9th ed.
260 _aNew Dehli
_bPearson Education by Dorling Kindersley (India)
_cc.2014
300 _a876 p. :
_bill. :
_c25 cm.
500 _aIncludes Index http://www.amazon.com/Mechanics-Materials-Hibbeler-International-Economy/dp/9332518602/ref=sr_1_1?s=books&ie=UTF8&qid=1400319309&sr=1-1&keywords=9789332518605
650 _xME
856 _uhttp://www.amazon.com/Mechanics-Materials-Russell-C-Hibbeler/dp/9332518602/ref=sr_1_1?s=books&ie=UTF8&qid=1454483084&sr=1-1&keywords=9789332518605
942 _2ddc
_cBK
999 _c65457
_d65457